000 02319cam a22003615a 4500
001 L145322
008 080929e20080723xxkado f s 000 0 eng d
035 _a(Sirsi) u145322
041 0 _aeng
050 0 4 _a333.33 $2 18
100 1 _aDenison, Elisabeth
245 0 0 _aGlobal economic outlook
_bsummer 2008
_h[electronic resource]
260 _aLondon
_bDeloitte Research
_c2008
490 0 _aDeloitte global economic outlook
_vsummer 2008
505 2 _aTopics: whither inflation, the cases for and against inflation; a global house of cards, understanding the global housing market; Asia decoupling, myth or reality; when it is over, what will be the signs that we're out of the woods?; global food price inflation, why are food prices on fire? -- Geographies: USA; Eurozone; UK; India; China
505 2 _aData appendix: developed countries, US, UK, Eurozone, Japan; emerging countries, Brazil, Russia, India, China -- Charts and tables: big four yield curves; BRICs yield curves; GDP forecasts; OECD composite leading indicators
520 _aNew quarterly report looks at the current economic downturn and seeks to explore how companies can engage in meaningful planning during a period of financial instability. Intended to provide clients with data with which to take a more strategic approach to asset management, this report includes detailed quantitative statistics in addition to broader economic commentary. This issue discusses rising inflation and contrasts the decline in the US economy with the growth in Asian economies and investigates market decoupling. The authors also address rising food prices, providing background on the causes, impact and likely future changes to markets and consumer behaviour.
521 _aAdvanced
590 _aKA
650 2 4 _aDELOITTE GLOBAL ECONOMIC OUTLOOK
651 4 _aChina
651 4 _aEurope
651 4 _aIndia
651 4 _aUnited Kingdom
_y
651 4 _aUnited States
_y1959-
690 _aPROPERTY-COMMERCIAL PROPERTY-COMMERCIAL PROPERTY FINANCE AND INVESTMENT
700 1 _aKalish, Ira
700 1 _aRangala, Sunil
700 1 _aSteidtmann, Carl
700 1 _aStewart, Ian
856 4 0 _uhttps://www.deloitte.com/dtt/article/0,1002,cid%253D217742,00.html
_zView the item free of charge online at www.deloitte.com...
942 _n0
999 _c108757
_d108757